000 00584nam a2200229Ia 4500
003 OSt
005 20220928103110.0
006 a|||||r|||| 00| 0
007 ta
008 220927b |||||||| |||| 00| 0 eng d
024 _a28933
037 _cTextual
040 _aSDCL
_cSDCL
_beng
041 _2eng
_aeng
082 _aQ2:42, N2
100 _aVikram Kumar
_9402207
245 0 _aVedicgrahashramvidhi.
260 _aChandigarh
_bVijay Kumar Viveki
_c1992
300 _a198p.
_ccm.
942 _hQ2:42, N2
_cTEXL
_2CC
999 _c718045
_d718045